| Tag |
First Indicator |
Second Indicator |
Subfields |
| LEADER |
00000cam a22000005i 4500 |
| 001 |
in00000685721 |
| 005 |
20151016050523.0 |
| 008 |
790430r1907 cau b 00010 eng d |
| 010 |
|
|
|a a 12000588
|
| 035 |
|
|
|a (OCoLC)04910780
|
| 035 |
|
|
|9 ADA4873AM
|
| 040 |
|
|
|a CUR
|c CUR
|d TXA
|d UtOrBLW
|
| 049 |
|
|
|a TXAM
|c [54865]
|
| 090 |
|
|
|a QE1
|b .C15 v. 5, no. 11
|
| 100 |
1 |
|
|a Merriam, John C.
|q (John Campbell),
|d 1869-1945.
|
| 245 |
1 |
0 |
|a Tertiary faunas of the John Day region /
|c by John C. Merriam and William J. Sinclair.
|
| 264 |
|
1 |
|a Berkeley, CA :
|b University of California Press,
|c 1907.
|
| 300 |
|
|
|a 171-205 pages ;
|c 27 cm.
|
| 336 |
|
|
|a text
|b txt
|2 rdacontent
|
| 337 |
|
|
|a unmediated
|b n
|2 rdamedia
|
| 338 |
|
|
|a volume
|b nc
|2 rdacarrier
|
| 490 |
1 |
|
|a University of California publications in geological sciences, v.5, no. 11
|
| 504 |
|
|
|a List of contributions to the geology and palaeontology of the John Day region : pages 199-205.
|
| 650 |
|
0 |
|a Paleontology
|y Tertiary.
|
| 650 |
|
0 |
|a Paleontology
|z Oregon.
|
| 700 |
1 |
|
|a Sinclair, William John,
|d 1877-1935.
|
| 830 |
|
0 |
|a University of California publications in geological sciences ;
|v v. 5, no. 11.
|
| 999 |
|
|
|a MARS
|
| 999 |
f |
f |
|s 5e8382c4-4493-3ca4-8bd2-4125346da18d
|i 3918f898-4f6a-3255-b4dd-6f3016f5de6c
|t 0
|
| 952 |
f |
f |
|a Texas A&M University
|b College Station
|c Sterling C. Evans Library
|s Evans stk
|d Evans: Library Stacks
|t 0
|e QE1 .C15 v.5
|h Library of Congress classification
|
| 998 |
f |
f |
|a QE1 .C15 v.5
|s v.5, no 1-30
|t 0
|l Evans: Library Stacks
|